Nguyễn Trãi quốc âm từ điển A dictionary of 15th century ancient Vietnamese

সংরক্ষণ করুন:
গ্রন্থ-পঞ্জীর বিবরন
প্রধান লেখক: Trần, Trọng Dương
বিন্যাস: গ্রন্থ
প্রকাশিত: Hà Nội Văn học 2018
সংস্করন:Tái bản lần thứ 1, có sửa chữa bổ sung
বিষয়গুলি:
ট্যাগগুলো: ট্যাগ যুক্ত করুন
কোনো ট্যাগ নেই, প্রথমজন হিসাবে ট্যাগ করুন!
Thư viện lưu trữ: Trung tâm Học liệu Lê Vũ Hùng, Trường Đại học Đồng Tháp
LEADER 00871pam a22002418a 4500
001 00045082
005 20191018131022.0
008 110425s1982 ||||||Viesd
020 # # |c 199000  |a 9786049693335 
041 0 # |a Vie 
082 1 4 |a 895.922 11  |b NG527TR 
100 0 # |a Trần, Trọng Dương 
245 0 0 |a Nguyễn Trãi quốc âm từ điển  |c Trần Trọng Dương  |b A dictionary of 15th century ancient Vietnamese 
250 # # |a Tái bản lần thứ 1, có sửa chữa bổ sung 
260 # # |a Hà Nội  |b Văn học  |c 2018 
300 # # |a 575 tr.  |c 24 cm. 
653 # # |a Thơ Nôm 
653 # # |a Từ điển 
653 # # |a Việt Nam 
653 # # |a Văn học trung đại 
852 # # |j KD.0026462  |j KM.0033331 
910 # # |d 18/10/2019 
980 # # |a Trung tâm Học liệu Lê Vũ Hùng, Trường Đại học Đồng Tháp